000
00197 a2200097 4500
001
10996
100
_a
Herrist, P
245
_a
Psychology and Work
260
_a
_b
Methuen
_c
090
_c
8564
_d
8564
942
_a
NUST-CAE
_c
M
_c
35338
999
_c
246069
_d
246069